Pokémon de type Vol - Mort Subite - Statistiques

Statistiques générales
  • Ce quiz a été pris 268 fois
    18 depuis la dernière actualisation
  • Le résultat moyen est 15 sur 20
Answers on the Grid
Answers color-coded by a green-red scale on the quiz's grid according to % correct below.
Roucoups
Bleuseille
Bamboiselle
Brutalibré
Altaria
Démanta
Nigosier
Sulfura
Fulguris
Fulgulairo
Flambusard
Plumeline
Coxy
Furaiglon
Picassaut
Cryptéro
Tropius
Lestombaile
Cornèbre
Grodrive
Rampe-Ailes
Flotte-Mèche
Favianos
Latios
Lucanon
Draïeul
Palarticho
Lanssorien
Rugit-Lune
Golemastoc
Reshiram
Vémini
Polarhume
Lewsor
Arakdo
Tarenbulle
 
Statistiques - réponses
Réponse % Correct
Fulgulairo
83%
Roucoups
83%
Altaria
78%
Brutalibré
78%
Cornèbre
78%
Démanta
78%
Flambusard
78%
Lestombaile
78%
Picassaut
78%
Bamboiselle
72%
Bleuseille
72%
Furaiglon
72%
Nigosier
72%
Plumeline
72%
Sulfura
72%
Tropius
72%
Fulguris
67%
Grodrive
67%
Coxy
61%
Cryptéro
61%
Aucun quiz correspondant
Distribution des résultats
% des personnes avec chaque résultat
Percentile par nombre de réponses
Votre historique - résultats
Vous n’avez pas pris ce quiz depuis la dernière actualisation